Essai sur la théorie de l'architecture : ouvrage couronné par L'Académie de Baux-Arts : cours professé a L'école Nationale Supérieure de Baux-Arts, de 1937 a 1940 /

محفوظ في:
التفاصيل البيبلوغرافية
المؤلف الرئيسي: Gromort, Georges (autor)
التنسيق: كتاب
اللغة:الفرنسية
منشور في: París, Francia : Vincent, Fréal et Compagnie, 1946
الموضوعات:
الوسوم: إضافة وسم
لا توجد وسوم, كن أول من يضع وسما على هذه التسجيلة!

MARC

LEADER 00000nam^a2200000^a^4500
001 000188803
005 20250521000000.0
009 20260310102350.208
037 |a Acervo ITESO - Biblioteca 
041 |a FRA 
082 |a 720. 1  |b GRO 
100 |a Gromort, Georges  |e (autor) 
245 1 0 |a Essai sur la théorie de l'architecture :  |b ouvrage couronné par L'Académie de Baux-Arts : cours professé a L'école Nationale Supérieure de Baux-Arts, de 1937 a 1940 /  |c G. Gromort. 
264 1 |a París, Francia :  |b Vincent, Fréal et Compagnie,  |c 1946 
300 |a 382 p. 
336 |a texto  |b txt  |2 rdacontenido 
337 |a sin mediación  |b n  |2 rdamedio 
338 |a volumen  |b nc  |2 rdasoporte 
649 |a XX 
650 |a Proporción -  |x Teoría 
650 |a Simetría 
650 |a Materia 
650 |a Composición Arquitectónica 
650 |a Diseño Arquitectónico -  |x Teoría 
650 |a Arquitectura -  |x Teoría -  |x Tema Principal 
650 |a Arquitectura -  |x Historia y Crítica 
910 |a Fondo Julio de la Peña Lomelín 
920 |a Impresos - Libros 
930 |a Arquitectos Jaliscienses 
905 |a 115 
901 |a 0500131407  |b IT1  |c JAL  |u 20250521 
902 |a https://opac.biblio.iteso.mx/vufind/Record/000188803